| 000 | 00765cam a2200253 i 4500 | ||
|---|---|---|---|
| 001 | 200461095 | ||
| 003 | TR-AnTOB | ||
| 005 | 20240613164536.0 | ||
| 008 | 240613s2002 tu turca 00| 0 tur d | ||
| 040 |
_aTR-AnTOB _beng _erda _cTR-AnTOB |
||
| 041 | _atur | ||
| 050 |
_aDR589 _b.S45 |
||
| 090 | _aDR589 .S45 2006 TıpFaK | ||
| 100 | 1 |
_aSelek, Sabahattin _948970 |
|
| 245 | 1 | 0 |
_aMilli mücadele : _bUlusal kurtuluş savaşı / _cSabahattin Selek. |
| 264 | 1 |
_aİstanbul : _bMilliyet, _c[2006?] |
|
| 300 |
_a2 volumes ; _c24 cm |
||
| 336 |
_atext _btxt _2rdacontent |
||
| 337 |
_aunmediated _bn _2rdamedia |
||
| 338 |
_avolume _bnc _2rdacarrier |
||
| 651 | 0 |
_aTürkiye _xTarih _yKurtuluş Savaşı, 1918-1923 _910811 |
|
| 942 |
_cBK _2lcc |
||
| 999 |
_c200461095 _d79307 |
||